Desenvolvendo a responsabilidade (Record no. 45766)

MARC details
000 -Etiqueta do registo
Valores 00377nam a2200157 4500
100 ## - Dados gerais de processamento
Dados gerais 20260303 pory50
101 ## - Língua de publicação
Língua por
102 ## - País de publicação
País PT
200 ## - Titulo e menção de responsabilidade
Título próprio Desenvolvendo a responsabilidade
Primeira menção de responsabilidade constance J. Foster
210 ## - Publicação
Local de publicação [S.l.]
Nome do editor Editora fundo de cultura
Data de publicação [19--?)
215 ## - Descrição física 
Paginação / Volumes 79 p.
675 ## - CDU
Notação 159.92
801 ## - Fonte de origem
País PT
Regras de catalogação RPC
990 ## - Elementos KOHA
Tipo de documento Livro
Holdings
Aquisição Empréstimo Código de barras Cota Permissão de empréstimo Tipo de documento
Biblioteca Municipal de Redondo Biblioteca Municipal de Redondo 056999 159.92 FOS   Livro

Powered by Koha